000
00331nam a2200133Ia 4500
008
220214s9999 xx 000 0 und d
245
0
_a
Unesco Chronicle
260
_b
UNESCO
310
_a
BM
500
_a
Ending Volume & Year: 24, 1978
500
_a
Missing Volume: 23
500
_a
Starting Volume & Year: 21, 1975
942
_c
BJ
999
_c
7069
_d
7069